000 00324pab a2200145 454500
008 180718b1987 xxu||||| |||| 00| 0 eng d
100 _aGross, Randy
245 _aCouncil/Manager government
260 _c1987
300 _a18
362 _aSpring
650 _aLocal Government
773 _aBureaucrat
909 _a12684
999 _c12684
_d12684